Việt Nam - hình ảnh và ấn tượng Song ngữ
v...v
Đã lưu trong:
| Tác giả chính: | |
|---|---|
| Định dạng: | Sách |
| Ngôn ngữ: | English |
| Năm xuất bản: |
H.
Giáo dục
1997
|
| Chủ đề: | |
| Tags: |
Thêm thẻ
Không có thẻ, Hãy là người đầu tiên gắn thẻ bản ghi này!
|
| LEADER | 02629cam a2200433 a 4500 | ||
|---|---|---|---|
| 001 | 191337 | ||
| 005 | 20161013163447.0 | ||
| 008 | 990513s1997 vm f000 0 eng | ||
| 040 | |a DLC |c DLC | ||
| 041 | |a engvie | ||
| 042 | |a lcode | ||
| 043 | |a a-vt--- | ||
| 050 | 0 | 0 | |a DS556.4 |b .T72 1997 |
| 082 | |a 915.97 |b TR120A | ||
| 100 | 1 | |a Trần Anh Thơ | |
| 242 | |a Vietnam - Sights and sounds | ||
| 245 | 1 | 0 | |a Việt Nam - hình ảnh và ấn tượng |b Song ngữ |c Trần Anh Thơ |
| 260 | |a H. |b Giáo dục |c 1997 | ||
| 300 | |a 243 tr. |c 21 cm | ||
| 520 | |a v...v | ||
| 651 | 0 | |a Vietnam |x Description and travel. | |
| 651 | 0 | |a Vietnam |v Guidebooks. | |
| 653 | |a Địa lý | ||
| 653 | |a Việt Nam | ||
| 653 | |a hình ảnh | ||
| 653 | |a Sách song ngữ | ||
| 906 | |a 7 |b cbc |c origode |d 3 |e ncip |f 19 |g y-gencatlg | ||
| 942 | |2 ddc |c STK0 | ||
| 955 | |a wj07; af73/yk06 09-07-99; yk05 to BCCD 10-23-99 | ||
| 999 | |c 2452 |d 2452 | ||
| 952 | |0 0 |1 0 |2 ddc |4 0 |6 915_970000000000000_TR120A |7 1 |8 900 |9 31576 |a qbu |b qbu |c D5 |d 2014-12-13 |g 15000 |o 915.97 TR120A |p 4299.C1 |r 0000-00-00 |w 2014-12-13 |y STK0 |0 0 |6 915_970000000000000_TR120A | ||
| 952 | |0 0 |1 0 |2 ddc |4 0 |6 915_970000000000000_TR120A |7 0 |8 900 |9 31577 |a qbu |b qbu |c D5 |d 2014-12-13 |g 15000 |o 915.97 TR120A |p 4299.C2 |r 0000-00-00 |w 2014-12-13 |y STK0 |0 0 |6 915_970000000000000_TR120A | ||
| 952 | |0 0 |1 0 |2 ddc |4 0 |6 915_970000000000000_TR120A |7 0 |8 900 |9 31578 |a qbu |b qbu |c D5 |d 2014-12-13 |g 15000 |o 915.97 TR120A |p 4299.C3 |r 0000-00-00 |w 2014-12-13 |y STK0 |0 0 |6 915_970000000000000_TR120A | ||
| 952 | |0 0 |1 0 |2 ddc |4 0 |6 915_970000000000000_TR120A |7 0 |8 900 |9 31579 |a qbu |b qbu |c D5 |d 2014-12-13 |g 15000 |o 915.97 TR120A |p 4299.C4 |r 0000-00-00 |w 2014-12-13 |y STK0 |0 0 |6 915_970000000000000_TR120A | ||
| 952 | |0 0 |1 0 |2 ddc |4 0 |6 915_970000000000000_TR120A |7 0 |8 900 |9 31580 |a qbu |b qbu |c D5 |d 2014-12-13 |g 15000 |o 915.97 TR120A |p 4299.C5 |r 0000-00-00 |w 2014-12-13 |y STK0 |0 0 |6 915_970000000000000_TR120A | ||
| 952 | |0 0 |1 0 |2 ddc |4 0 |6 915_970000000000000_TR120A |7 0 |8 900 |9 31581 |a qbu |b qbu |c D5 |d 2014-12-13 |g 15000 |o 915.97 TR120A |p 4299.C6 |r 0000-00-00 |w 2014-12-13 |y STK0 |0 0 |6 915_970000000000000_TR120A | ||
| 952 | |0 0 |1 0 |2 ddc |4 0 |6 915_970000000000000_TR120A |7 0 |8 900 |9 31582 |a qbu |b qbu |c D5 |d 2014-12-13 |g 15000 |o 915.97 TR120A |p 4299.C7 |r 0000-00-00 |w 2014-12-13 |y STK0 |0 0 |6 915_970000000000000_TR120A | ||
| 952 | |0 0 |1 0 |2 ddc |4 0 |6 915_970000000000000_TR120A |7 0 |8 900 |9 31583 |a qbu |b qbu |c D5 |d 2014-12-13 |g 15000 |o 915.97 TR120A |p 4299.C8 |r 0000-00-00 |w 2014-12-13 |y STK0 |0 0 |6 915_970000000000000_TR120A | ||
| 952 | |0 0 |1 0 |2 ddc |4 0 |6 915_970000000000000_TR120A |7 0 |8 900 |9 31584 |a qbu |b qbu |c D5 |d 2014-12-13 |g 15000 |o 915.97 TR120A |p 4299.C9 |r 0000-00-00 |w 2014-12-13 |y STK0 |0 0 |6 915_970000000000000_TR120A | ||